000 00796nam a2200217 a 4500
003 AM-YEHGA
040 _aAM-YeHGA
942 _2udc
_cBK
001 1763655
005 20250617160850.0
008 110216s1961 ||||||||r|||||000|0|rus|d
041 0 _arus
100 1 _aБоголепова, Людмила Сергеевна
245 1 0 _aДвижение за санитарную культуру /
_cЛ.С. Боголепова, В.А. Смирнова-Ракитина
260 _aМосква :
_bЗнание,
_c1961.
300 _a32 с :
_bил
440 0 _aСерия 8. Биология и медицина
_v№10
650 1 4 _aПроизводственная гигиена
700 1 _aСмирнова-Ракитина, Вера Алексеевна
090 _c464537
999 _c461410
_d461410